000 00264nam a22001217a 4500
082 _a823/MUR
100 _aSudha Murty
_982100
245 _aGently Falls The Bakula
260 _aNew Delhi
_bPenguin Books
_c2008
300 _a169
650 _aFiction
942 _cBK
999 _c66441
_d66441